G̲h̲uncah o gul : (Record no. 82315)

MARC details
000 -LEADER
fixed length control field 00697cam a22002174a 4500
001 - CONTROL NUMBER
control field sa 68008214
003 - CONTROL NUMBER IDENTIFIER
control field DLC
005 - DATE AND TIME OF LATEST TRANSACTION
control field 20260227112530.0
008 - FIXED-LENGTH DATA ELEMENTS--GENERAL INFORMATION
fixed length control field 940727s1967 ii 000 0 urdo
010 ## - LIBRARY OF CONGRESS CONTROL NUMBER
LC control number sa 68008214
035 ## - SYSTEM CONTROL NUMBER
System control number (OCoLC)30838324
040 ## - CATALOGING SOURCE
Original cataloging agency DLC
Transcribing agency DLC
Modifying agency DLC
050 00 - LIBRARY OF CONGRESS CALL NUMBER
Classification number PK2184
Item number .G57 1967
245 00 - TITLE STATEMENT
Title G̲h̲uncah o gul :
Remainder of title qaṣāʼid, g̲h̲azaliyāt, manẓūmāt aur rubāʻiyāt : barāʼe niṣāb Bī. Ae. Urdū /
Statement of responsibility, etc. murattibah Sayyid Mahmūdulḥasan.
260 ## - PUBLICATION, DISTRIBUTION, ETC.
Place of publication, distribution, etc. Lakhnaʼū :
Name of publisher, distributor, etc. Aḥbāb Pablisharz,
Date of publication, distribution, etc. 1967.
300 ## - PHYSICAL DESCRIPTION
Extent 176 p. ;
Dimensions 19 cm.
500 ## - GENERAL NOTE
General note Poems.
546 ## - LANGUAGE NOTE
Language note In Urdu.
650 #0 - SUBJECT ADDED ENTRY--TOPICAL TERM
Topical term or geographic name entry element Urdu poetry
Form subdivision Textbooks.
700 1# - ADDED ENTRY--PERSONAL NAME
Personal name Maḥmūdulḥasan, Sayyid.

No items available.

Powered by Koha